Week 7 Fantasy Football leaders 2023-2024 - Statistics

General Stats
  • This quiz has been taken 70 times
  • The average score is 13 of 25
Answer Stats
Points Scored Position Answer % Correct
24.3 Quarterback Josh Allen
91%
33.86 Quarterback Patrick Mahomes
91%
23.9 Tight End Travis Kelce
88%
33.88 Quarterback Lamar Jackson
82%
19.6 Running back Christian McCaffrey
79%
23.26 Quarterback Jalen Hurts
79%
18.3 Tight End Mark Andrews
68%
19.7 Wide Receiver AJ Brown
66%
19.98 Quarterback Mac Jones
54%
21.02 Quarterback Kirk Cousins
52%
19.7 Running back Travis Etienne
46%
18.06 Quarterback Trevor Lawrence
46%
17.3 Running back Alvin Kamara
45%
18 Running back Jonathan Taylor
43%
21.66 Quarterback Tyrod Taylor
43%
17.44 Quarterback Derek Carr
41%
16.2 Quarterback Baker Mayfield
39%
18.6 Running back Jahmyr Gibbs
39%
16.14 Quarterback Joshua Dobbs
38%
24.3 Wide Receiver Jordan Addison
34%
27.1 Quarterback Gardner Minshew
27%
16.2 Running back James Cook
27%
20.4 Running back Gus Edwards
21%
30 Running back D'Onta Foreman
20%
18.5 Wide Receiver Josh Downs
9%
No matching quizzes found
Score Distribution
Percent of People with Each Score
Percentile by Number Answered
Your Score History
You have not taken this quiz